Loading...
| Science - Other | 0 | 4 | 0 | 2 | 40 | 78 | 103.50 | 0 | 1 | 5.30 | 17.04 |
| History - World | 0 | 2 | 0 | 0 | 20 | 35 | 64.00 | 0 | 2 | 8.55 | 13.19 |
| Science - Biology | 0 | 2 | 0 | 0 | 20 | 80 | 94.50 | 0 | 1 | 3.05 | 10.15 |
| Science - Chemistry | 0 | 2 | 0 | 1 | 20 | 101 | 106.00 | 0 | 0 | 0.00 | 3.47 |
| Philosophy | 0 | 1 | 0 | 0 | 10 | 84 | 84.00 | 0 | 0 | 1.97 | 3.21 |
| Other Academic | 0 | 1 | 0 | 1 | 10 | 125 | 125.00 | 0 | 0 | 0.00 | 4.17 |
| Fine Arts - Other | 0 | 1 | 0 | 0 | 10 | 99 | 99.00 | 0 | 1 | 1.22 | 6.25 |
| History - European | 0 | 1 | 0 | 1 | 10 | 128 | 128.00 | 0 | 0 | 0.00 | 0.64 |
| Science - Physics | 0 | 1 | 0 | 1 | 10 | 130 | 130.00 | 0 | 0 | 0.00 | 0.69 |
| Fine Arts - Classical Music | 0 | 0 | 0 | 0 | 0 | 0.00 | 0 | 0 | 0.00 | 0.00 | |
| Social Science | 0 | 0 | 1 | 0 | -5 | 0.00 | 0 | 0 | 0.00 | 0.00 |